000 00576nam a2200217 a 4500
001 0001-2124
003 ELIB.Books
008 190724 2010 eng
020 _aKBTS
092 _a230
_bCak
100 _aCalvin's, John.
245 _aInstitutes of the Christian Religion
260 _aPresbyterian Board of Christian Education
_bPhiladelphia
_c1989
300 _a837
_c23.5cm
650 _aTheology
856 _nKBTS Library
_uKBTS Elib
942 _2ddc
_cBK
990 _a1
998 _aEnglishbooks.elf
_ccat
_e2019-07-24
999 _c12124
_d12124